Harry Potter e o Prisioneiro de Azbakan (Record no. 43009)
[ view plain ]
| 000 -Etiqueta do registo | |
|---|---|
| Valores | 00575nam a2200181 4500 |
| 100 ## - Dados gerais de processamento | |
| Dados gerais | 20240417 pory50 |
| 101 ## - Língua de publicação | |
| Língua | por |
| -- | ing |
| 102 ## - País de publicação | |
| País | PT |
| 200 ## - Titulo e menção de responsabilidade | |
| Título próprio | Harry Potter e o Prisioneiro de Azbakan |
| Título paralelo | Ano três |
| Primeira menção de responsabilidade | realiz Alfonso Cuarón |
| Outras menções de responsabilidade | prod. David Heyman ; chris Columbos , Mark Radcliffe |
| -- | act.s : Daniel Radclife , Rupert Grant , Emma Watson |
| 210 ## - Publicação | |
| Nome do editor | Warner Bros Pictures |
| 215 ## - Descrição física | |
| Paginação / Volumes | 1 DVD |
| 300 ## - Notas gerais | |
| Texto da nota | 136 mins <br/>M/6 |
| 314 ## - Responsabilidade Intelectual | |
| Texto da nota | baseado na obra de J.K. Rowling |
| 675 ## - CDU | |
| Notação | 92-312.9 |
| 801 ## - Fonte de origem | |
| País | PT |
| Regras de catalogação | RPC |
| 990 ## - Elementos KOHA | |
| Tipo de documento | Filme DVD |
| Aquisição | Empréstimo | Código de barras | Cota | Permissão de empréstimo | Tipo de documento | Nota relativa ao exemplar |
|---|---|---|---|---|---|---|
| Biblioteca Escolar Doutor Hernâni Cidade | Biblioteca Escolar Doutor Hernâni Cidade | 79784 | FAN CUO | Livro | 193 Filme fantástico sobre o person. Harry Potter |